| 000 | 00618nam a22001337a 4500 | ||
|---|---|---|---|
| 040 | _cRUA | ||
| 082 | _aAGR KAN 2013 B056 Or.1 | ||
| 100 | _aKAN SOPHA | ||
| 245 | _aThe effect of weed management on growth and yield of pka romeat, (ឥទ្ធិពលនៃវិធានការគ្រប់គ្រងស្មៅលើការលូតលាស់ និងទិន្នផលស្រូវផ្ការមៀត) | ||
| 260 |
_aphnom penh _bRUA _c2013 |
||
| 300 |
_axii, 55p. _bill. _c29cm. |
||
| 856 | _uhttps://drive.google.com/file/d/16CcILLAR8A8tWmN5eFaf5_VkulpfiDGp/view?usp=sharing | ||
| 942 | _cAGR | ||
| 999 |
_c1282 _d1282 |
||